000 00473nam a2200169 i 4500
001 35375
003 ES-MaACL
005 20230906155121.0
007 t|
008 030212s1967 sp ||||1| spa d
100 1 _aBommer, Josef.
_930035
245 1 0 _aLey y libertad /
_cJosef Bommer ; [traducción de Ildiko Darvas].
260 _aBarcelona :
_bHerder,
_c1967.
300 _a137 p. ;
_c18 cm.
700 1 _aDarvas, Ildiko.
_942767
852 _aES-MaACL
_jA-4752
_bR.63535
999 _c35375
_d35375